[Event "85th Southwest Open 2019"]
[Site "Dallas"]
[Date "2019.09.01"]
[Round "6.1"]
[White "Shtembuliak, Evgeny"]
[Black "Xiong, Jeffery"]
[Result "1/2-1/2"]
[WhiteElo "2548"]
[BlackElo "2707"]
[Annotator "TA"]
[PlyCount "90"]
[EventDate "2019.08.29"]
[EventType "swiss"]
[EventCountry "USA"]
[SourceTitle "playchess.com"]
[Source "ChessBase"]
[SourceQuality "1"]

{[%evp 20,90,8,13,29,23,61,25,29,0,0,0,0,0,8,8,13,0,8,7,8,0,0,0,5,0,0,0,0,0,0,-6,-4,-4,-4,-8,-4,-8,-8,-8,-8,-8,-8,-8,-8,-8,-8,-8,-8,-8,-8,-8,-8,-8,0,0,0,0,0,0,0,0,0,0,0,0,0,0,0,0,0,-8,-8]} 1. d4 Nf6 2. c4 e6 3. Nf3 d5 4. Nc3 dxc4 5. e3 a6 6. a4 c5 7. Bxc4 Nc6 8. O-O Qc7 9. Qe2 Bd6 10. Rd1 O-O 11. h3 Na5 {D27: Queen's Gambit Accepted: Classical main line: 7 e4!? and 7 a4} (11... b6 12. Bd2 Bb7 13. Rac1 Rfd8 14. Bd3 Qe7 {½-½ (14) Ortega,L (2473)-Dvirnyy,D (2554) Rome 2016}) 12. Ba2 Bd7 13. Bd2 $146 ({Predecessor:} 13. e4 cxd4 14. Rxd4 Bc5 15. Rd1 Bc6 16. Bg5 Nd7 17. Rab1 Bb4 18. Rbc1 Nb6 19. Rd4 {1-0 (33) Palao,M (2142)-Franco Valencia,A (2124) Cartagena 2007}) 13... Bc6 {[#]White has an edge.} 14. d5 $1 {[%mdl 512]} exd5 {[#]The position is equal.} (14... Bxd5 15. Nxd5) 15. Nxd5 $1 {[%mdl 512]} Bxd5 16. Bxd5 Nxd5 17. Bxa5 $1 Qxa5 18. Rxd5 Rad8 {And now ...Bh2+! would win.} 19. Rad1 Be7 20. b3 {Threatens to win with Rd7.} Rxd5 21. Rxd5 {Hoping for Rd7.} Rd8 22. Qd3 Rxd5 23. Qxd5 Qd8 $1 {[%cal Rd8d5]} 24. Qxd8+ Bxd8 $11 {[%mdl 4096] Endgame KB-KN} 25. e4 Kf8 26. Kf1 Ke7 27. Ke2 b5 28. axb5 axb5 29. Kd3 Ke6 30. Ne1 Ke5 31. Nf3+ Kd6 32. Ne1 h5 33. Nc2 Bg5 34. Ne1 h4 35. Nf3 Bd8 36. g3 g5 37. Nh2 Ke6 38. gxh4 gxh4 39. f4 f5 {...c4+! is the strong threat.} 40. Nf3 Be7 41. Ke3 Bf6 42. Kd3 c4+ 43. bxc4 fxe4+ 44. Kxe4 bxc4 45. Nxh4 Bxh4 {Accuracy: White = 71%, Black = 83%.} 1/2-1/2

[Event "85th Southwest Open 2019"]
[Site "Dallas"]
[Date "2019.09.01"]
[Round "6.2"]
[White "Gabuzyan, Hovhannes"]
[Black "Matsenko, Sergei"]
[Result "1/2-1/2"]
[WhiteElo "2613"]
[BlackElo "2521"]
[Annotator "TA"]
[PlyCount "119"]
[EventDate "2019.08.29"]
[EventType "swiss"]
[EventCountry "USA"]
[SourceTitle "playchess.com"]
[Source "ChessBase"]
[SourceQuality "1"]

{[%evp 13,119,6,20,8,0,8,27,6,27,17,45,30,33,35,52,29,52,27,23,24,31,10,14,12,13,18,15,20,16,13,30,0,18,16,17,19,26,20,21,8,39,10,2,4,18,1,23,14,25,15,14,14,15,12,14,12,13,7,13,5,12,6,12,0,0,0,0,-45,-44,-37,-36,-40,-30,-30,-30,-31,-31,-45,-45,-44,-45,-45,-45,-45,-45,-47,-47,-45,-37,-37,-31,-31,-31,-31,-31,-31,-31,-31,-31,-31,-31,-31,-31,-31,-31,-31,-31,-31]} 1. g3 Nf6 2. Bg2 d5 3. Nf3 c6 4. c4 Bf5 5. O-O e6 6. cxd5 exd5 7. d3 Be7 8. Qb3 {A11: English Opening: 1...c6} Qb6 9. Qc2 O-O 10. Nc3 {White has an edge.} h6 11. e4 dxe4 12. dxe4 Bh7 $1 13. Be3 Qa5 14. h3 {[#]} Nd5 $146 ({Predecessor:} 14... Bb4 15. Nd4 Re8 {½-½ (49) Fressinet,L (2717)-Michalik,P (2557) Dubai 2014}) 15. Bd2 Nxc3 16. Bxc3 Bb4 17. Bd4 Re8 18. a3 Bf8 19. Bc3 Qc7 20. Nd4 Nd7 21. Rad1 Rad8 22. Kh2 Nf6 {[%cal Rf6e4]} 23. Nf5 Bxf5 24. exf5 Rxd1 25. Rxd1 Rd8 26. Be5 (26. Re1 {seems wilder.} Nd5 27. Bd4 a6 28. Re2 Rd7 29. Re8) 26... Qe7 {[#] And now ...Rxd1 would win.} (26... Qb6 {is interesting.} 27. Re1 Re8 28. f4 a5 29. Qc4 Rd8) 27. Rxd8 (27. Bd4 {keeps more tension.} Qc7 28. Bf3 Be7 29. Qb3 b5 30. h4) 27... Qxd8 28. Bf3 Qd7 29. Kg2 Bd6 30. Bc3 Qe7 31. Bd4 a6 32. Qc3 Ne4 33. Qe3 Nf6 34. Qb3 Ne4 35. Qd3 Nf6 36. b4 Be5 {...Qd7 is the strong threat.} 37. Qe3 Nd7 38. Qe4 Bf6 {Hoping for ...Qxe4.} 39. Qxe7 Bxe7 $11 {[%mdl 4096] Endgame KBB-KBN} 40. f6 Bxf6 41. Bg4 Bxd4 42. Bxd7 $15 {KB-KB} Bb2 43. a4 Bc3 44. Bc8 b6 {Black is slightly better.} 45. Bb7 Bxb4 46. Bxc6 Bc3 47. Kf3 Kf8 48. g4 Ke7 49. Ke4 Kd6 50. Be8 Ke6 51. Bc6 {[#]} f5+ $1 {[%mdl 512]} 52. gxf5+ Kd6 53. Bb7 b5 54. axb5 axb5 55. Bd5 Bf6 56. Bf7 Kc5 57. Kd3 b4 58. Bb3 Bd4 59. f4 Bf6 60. Ke4 {Accuracy: White = 64%, Black = 68%.} 1/2-1/2

[Event "85th Southwest Open 2019"]
[Site "Dallas"]
[Date "2019.09.01"]
[Round "6.3"]
[White "Belous, Vladimir"]
[Black "Stukopin, Andrey"]
[Result "1/2-1/2"]
[WhiteElo "2497"]
[BlackElo "2564"]
[Annotator "ChessBase"]
[PlyCount "27"]
[EventDate "2019.08.29"]
[EventType "swiss"]
[EventCountry "USA"]
[SourceTitle "playchess.com"]
[Source "ChessBase"]
[SourceQuality "1"]
[TimeControl "5400+30"]

1. d4 {[%emt 0:01:48]} Nf6 {[%emt 0:00:00]} 2. c4 {[%emt 0:00:06]} e6 {[%emt 0:00:00]} 3. Nc3 {[%emt 0:00:03]} Bb4 {[%emt 0:00:00]} 4. Qc2 {[%emt 0:00:11]} O-O {[%emt 0:00:06]} 5. Nf3 {[%emt 0:00:45]} c5 {[%emt 0:03:33]} 6. Bg5 {[%emt 0:00:26]} h6 {[%emt 0:02:09]} 7. Bxf6 {[%emt 0:03:10]} Qxf6 {[%emt 0:00:09]} 8. a3 {[%emt 0:00:04]} Bxc3+ {[%emt 0:01:49]} 9. Qxc3 {[%emt 0:00:04]} d6 {[%emt 0:02:40]} 10. e3 {[%emt 0:03:56]} b6 {[%emt 0:00:38]} 11. Be2 {[%emt 0:00:22]} Bb7 {[%emt 0:00:10]} 12. O-O {[%emt 0:00:12]} Nd7 {[%emt 0:04:14]} 13. Rfd1 {[%emt 0:01:04]} Rac8 {[%emt 0:12:54]} 14. Rac1 {[%emt 0:00:37]} 1/2-1/2

[Event "85th Southwest Open 2019"]
[Site "Dallas"]
[Date "2019.09.01"]
[Round "6.4"]
[White "Wang, Justin"]
[Black "Stremavicius, Titas"]
[Result "1/2-1/2"]
[WhiteElo "2449"]
[BlackElo "2498"]
[Annotator "TA"]
[PlyCount "78"]
[EventDate "2019.08.29"]
[EventType "swiss"]
[EventCountry "USA"]
[SourceTitle "playchess.com"]
[Source "ChessBase"]
[SourceQuality "1"]

{[%evp 12,78,56,26,36,30,35,35,37,32,27,39,44,31,35,14,22,27,24,11,30,33,60,31,24,14,34,10,7,7,8,8,7,14,13,12,13,11,10,9,14,14,15,22,14,14,18,0,0,0,53,27,38,29,34,0,0,0,0,0,3,0,0,0,0,0,0,0,2971]} 1. e4 d6 2. d4 Nf6 3. Nc3 g6 4. Nf3 Bg7 5. Be2 O-O 6. O-O c6 7. Bf4 Nbd7 {B08: Pirc Defence: Classical System} 8. e5 (8. Qd2 Qc7 9. e5 Nh5 10. Bg5 dxe5 11. Bxe7 Re8 12. d5 Nf4 13. d6 Qa5 14. Bc4 Nb6 15. Bb3 Nbd5 16. Nxd5 Qxd2 17. Nxd2 Nxd5 {½-½ (49) Ruck,R (2521)-Onischuk,V (2626) Skopje 2019}) 8... dxe5 9. dxe5 Ng4 {[%cal Rg4e5] White is slightly better.} 10. e6 $1 {[%cal Re6d7]} fxe6 11. Ng5 Nde5 {Black wants to play ...Qxd1.} 12. Qxd8 Rxd8 13. Rad1 Rf8 14. Bg3 Nh6 15. Nce4 b6 $146 16. c3 Nf5 17. Bxe5 (17. f4 {is interesting.} Nf7 18. Nxf7 Kxf7 19. Bf2 Kg8 20. Bc4) 17... Bxe5 18. Bc4 (18. Rfe1 {feels hotter.} Bc7 19. Bc4 Ng7 20. Nf3 h6 21. b4) 18... Nd6 19. Bxe6+ Bxe6 20. Nxe6 Nxe4 21. Nxf8 Rxf8 22. Rde1 $1 {[%cal Re1e4]} Nd2 $1 {[#] And now ...Bd6 would win.} ({Reject} 22... Rf4 $6 23. g3 $16) 23. Rxe5 {Rd1 is the strong threat.} Nxf1 24. Kxf1 $11 {[%mdl 4096] Endgame KR-KR} Kf7 25. Ke2 Kf6 26. Re4 Rd8 27. Ra4 Rd7 28. Rf4+ Ke6 29. Rf8 Rd5 30. Ra8 Rd7 (30... Re5+ $11 31. Kf3 Rf5+ 32. Ke3 Re5+ 33. Kf3 Rf5+ 34. Ke2 Re5+ 35. Kf1 Ra5) 31. Rh8 h5 32. h4 Rd5 33. Ra8 Re5+ {The position is equal.} 34. Kd2 Rd5+ 35. Ke2 Re5+ 36. Kf3 Rf5+ 37. Kg3 Rb5 38. b4 a5 39. a4 Ke5 $2 {[%mdl 40960] Accuracy: White = 43%, Black = 73%. . An unexpected result.} (39... Rd5 $11) 1/2-1/2

[Event "85th Southwest Open 2019"]
[Site "Dallas"]
[Date "2019.09.01"]
[Round "6.5"]
[White "Hilby, Craig"]
[Black "Sorokin, Aleksey"]
[Result "1-0"]
[WhiteElo "2396"]
[BlackElo "2514"]
[Annotator "TA"]
[PlyCount "51"]
[EventDate "2019.08.29"]
[EventType "swiss"]
[EventCountry "USA"]
[SourceTitle "playchess.com"]
[Source "ChessBase"]
[SourceQuality "1"]

{[%evp 23,51,14,7,0,0,0,-12,-6,0,0,0,0,0,0,0,0,0,-14,-28,-28,-24,-16,-23,-18,177,180,666,622,29993,29994]} 1. d4 Nf6 2. c4 g6 3. Nc3 d5 4. cxd5 Nxd5 5. e4 Nxc3 6. bxc3 Bg7 7. Nf3 c5 8. Rb1 O-O 9. Be2 b6 10. O-O Bb7 11. Qd3 Ba6 12. Qe3 Qd7 13. d5 {D85: Exchange Grünfeld: Unusual White 7th moves and lines with 7 Nf3} (13. dxc5 Bxe2 14. Qxe2 bxc5 15. Rd1 Qe6 16. h4 Nc6 17. Ng5 Qf6 18. Be3 Rad8 19. Bxc5 Qxc3 20. Rdc1 Qa5 {½-½ (32) Mamedyarov,S (2800)-Nepomniachtchi,I (2742) Geneva 2017}) 13... Bxe2 14. Qxe2 Bxc3 15. Bh6 {The position is equal.} Re8 {[#]} 16. Qc4 $146 ({Predecessor:} 16. Rb3 Bh8 17. Ng5 e5 18. f4 f6 19. fxe5 Rxe5 20. Nf3 Re8 {1-0 (40) Avrukh,B (2614)-Harikrishna,P (2612) Mallorca 2004}) 16... Bh8 17. e5 e6 18. Rbd1 exd5 $1 19. Rxd5 Qe7 $1 20. Qa4 Rc8 21. Rfd1 {Hoping for Bg5.} Nc6 {[%cal Rc6e5]} 22. Rd7 Qe8 23. e6 $1 {[%cal Re6f7]} fxe6 $2 {[#]} (23... Qxe6 $11 24. Ng5 Qe2 25. Rxf7 Nd4) 24. Qe4 $1 $18 {Strongly threatening R1d6.} Bf6 $2 (24... Nd4 25. Qb7 Nf5) 25. Ng5 {[%mdl 64] Double Attack} Ne5 {[#]} 26. Qb7 $1 {[%mdl 512] Accuracy: White = 78%, Black = 46%.} 1-0

[Event "85th Southwest Open 2019"]
[Site "Dallas"]
[Date "2019.09.01"]
[Round "6.6"]
[White "Drozdowski, Kacper"]
[Black "Reshef, Omer"]
[Result "1/2-1/2"]
[WhiteElo "2484"]
[BlackElo "2467"]
[Annotator "ChessBase"]
[PlyCount "72"]
[EventDate "2019.08.29"]
[EventType "swiss"]
[EventCountry "USA"]
[SourceTitle "playchess.com"]
[Source "ChessBase"]
[SourceQuality "1"]
[TimeControl "5400+30"]

1. e4 {[%emt 0:00:00]} e5 {[%emt 0:00:02]} 2. Nf3 {[%emt 0:00:00]} Nf6 {[%emt 0:01:12]} 3. Nxe5 {[%emt 0:00:00]} d6 {[%emt 0:00:03]} 4. Nf3 {[%emt 0:00:14]} Nxe4 {[%emt 0:00:07]} 5. Nc3 {[%emt 0:00:48]} Nxc3 {[%emt 0:00:13]} 6. dxc3 {[%emt 0:00:12]} Be7 {[%emt 0:00:04]} 7. Bf4 {[%emt 0:00:22]} Nc6 {[%emt 0:01:25]} 8. Qd2 {[%emt 0:00:22]} Be6 {[%emt 0:01:21]} 9. Bd3 {[%emt 0:04:59]} Qd7 {[%emt 0:01:58]} 10. O-O {[%emt 0:00:32]} O-O {[%emt 0:02:58]} 11. Rfe1 {[%emt 0:00:27]} Rfe8 {[%emt 0:01:32]} 12. h3 {[%emt 0:00:16]} a6 {[%emt 0:02:50]} 13. Re2 {[%emt 0:00:45]} Bf5 {[%emt 0:01:53]} 14. Rae1 {[%emt 0:00:50]} Bxd3 {[%emt 0:00:27]} 15. cxd3 {[%emt 0:00:41]} Bf6 {[%emt 0:01:33]} 16. d4 {[%emt 0:01:07]} Ne7 {[%emt 0:09:07]} 17. Bg5 {[%emt 0:00:24]} Bxg5 {[%emt 0:02:41]} 18. Qxg5 {[%emt 0:00:49]} f6 {[%emt 0:02:01]} 19. Qd2 {[%emt 0:01:12]} c6 {[%emt 0:01:54]} 20. g3 {[%emt 0:02:14]} d5 {[%emt 0:00:19]} 21. Nh4 {[%emt 0:00:53]} Ng6 {[%emt 0:01:06]} 22. Nxg6 {[%emt 0:00:24]} hxg6 {[%emt 0:00:16]} 23. h4 {[%emt 0:00:07]} Kf7 {[%emt 0:01:05]} 24. Qf4 {[%emt 0:00:16]} Rxe2 {[%emt 0:00:58]} 25. Rxe2 {[%emt 0:00:04]} Re8 {[%emt 0:00:06]} 26. Rxe8 {[%emt 0:00:16]} Kxe8 {[%emt 0:01:16]} 27. Qb8+ {[%emt 0:00:07]} Kf7 {[%emt 0:00:06]} 28. Kf1 {[%emt 0:00:20]} Qh3+ {[%emt 0:01:01]} 29. Kg1 {[%emt 0:00:07]} Qd7 {[%emt 0:00:05]} 30. Kf1 {[%emt 0:00:16]} Qh3+ {[%emt 0:00:34]} 31. Ke2 {[%emt 0:01:53]} Qd7 {[%emt 0:01:11]} 32. Kf3 {[%emt 0:02:41]} Qf5+ {[%emt 0:01:23]} 33. Kg2 {[%emt 0:00:06]} Qd7 {[%emt 0:00:09]} 34. Kf1 {[%emt 0:00:36]} Qh3+ {[%emt 0:00:21]} 35. Kg1 {[%emt 0:00:05]} Qd7 {[%emt 0:00:15]} 36. Kf1 {[%emt 0:00:27]} Qh3+ {[%emt 0:00:08]} 1/2-1/2

[Event "85th Southwest Open 2019"]
[Site "Dallas"]
[Date "2019.09.01"]
[Round "6.7"]
[White "Tsay, Vincent"]
[Black "Dragun, Kamil"]
[Result "0-1"]
[WhiteElo "2233"]
[BlackElo "2586"]
[Annotator "TA"]
[PlyCount "70"]
[EventDate "2019.08.29"]
[EventType "swiss"]
[EventCountry "USA"]
[SourceTitle "playchess.com"]
[Source "ChessBase"]
[SourceQuality "1"]

{[%evp 14,74,28,14,18,20,28,-14,0,0,0,-17,0,0,1,0,31,34,27,17,39,0,0,0,0,-29,-26,-23,-17,-39,-43,-342,-335,-340,-336,-338,-337,-329,-329,-317,-325,-650,-642,-783,-749,-782,-743,-1164,-1154,-5355,-4889,-1489,-1470,-29990,-29991,-29991,-29992,-29993,-29994,-29994,-29995,-29996,-29997]} 1. d4 Nf6 2. Nf3 b6 3. g3 Bb7 4. Bg2 c5 5. O-O cxd4 6. Nxd4 Bxg2 7. Kxg2 g6 8. c4 Qc8 {A47: 1 d4 Nf6 2 Nf3 b6: Torre, London and Colle Systems} 9. b3 Qb7+ 10. Nf3 Bg7 {The position is equal.} 11. Bb2 O-O 12. Nc3 a6 13. Rb1 $146 ({Predecessor:} 13. Qd3 Nc6 14. Nd5 Nxd5 15. Bxg7 Ne3+ 16. Qxe3 Kxg7 17. h4 h5 18. Rfd1 d6 19. Kg1 Rac8 {½-½ (30) Petrosian,A (2470)-Yudasin,L (2460) Lvov 1984}) 13... e6 14. Qd3 b5 15. cxb5 axb5 16. Nxb5 {next a4 is good for White.} Rxa2 17. Ba3 (17. Nd6 $5 {[%cal Rd6b7]} Qa6 18. Rfd1 $11) 17... e5 $1 {[%cal Re5e4]} 18. Bxf8 Bxf8 19. e4 d5 20. Nxe5 {Hoping for exd5.} dxe4 21. Qc4 {aiming for Nc7.} Ra5 22. Rfd1 $2 {[%mdl 8192]} (22. Nxf7 $15 Qxf7 23. Ra1 Qxc4 24. bxc4) 22... Rxb5 $19 23. Nxf7 e3+ $1 24. f3 Rc5 25. Nd8+ Rxc4 26. Nxb7 Rc2+ 27. Kh1 $2 (27. Kg1) 27... e2 28. Rd3 Nc6 29. Re3 Bb4 30. Ra1 Nd4 31. g4 e1=Q+ 32. Raxe1 Bxe1 33. g5 Nd5 {Black mates.} 34. Re8+ Kg7 35. Rd8 Nxf3 0-1

[Event "85th Southwest Open 2019"]
[Site "Dallas"]
[Date "2019.09.01"]
[Round "6.8"]
[White "Preotu, Razvan"]
[Black "Wang, Jason"]
[Result "1-0"]
[WhiteElo "2494"]
[BlackElo "2300"]
[Annotator "TA"]
[PlyCount "65"]
[EventDate "2019.08.29"]
[EventType "swiss"]
[EventCountry "USA"]
[SourceTitle "playchess.com"]
[Source "ChessBase"]
[SourceQuality "1"]

{[%evp 16,123,30,40,43,36,37,7,28,16,14,-3,0,5,53,28,5,0,17,20,23,20,25,0,33,43,35,26,77,130,343,122,135,129,175,172,353,350,337,223,233,191,219,132,224,229,214,207,241,235,216,90,90,79,89,87,97,95,99,94,119,128,161,170,188,188,156,150,245,249,278,200,200,195,189,178,200,191,248,252,318,318,318,318,318,272,324,318,318,306,1180,1180,1180,1180,1180,1173,1173,1166,1166,1160,1067,928,1161,1157,1147,1131,1033,660,589,545]} 1. e4 c5 2. Nf3 e6 3. d4 cxd4 4. Nxd4 a6 5. Nc3 b5 6. Bd3 Qb6 7. Nb3 Qc7 8. Qe2 Bb7 9. O-O Nc6 {B43: Sicilian: Kan Variation: 5 Nc3} (9... Nf6 10. e5 Nd5 11. Nxd5 Bxd5 12. a4 b4 13. Re1 h6 14. Bf4 Be7 15. Rad1 Bc6 16. Nd4 Bb7 17. Nf5 {1-0 (51) Najer,E (2663)-Ponizil,C (2494) Czech Republic 2019}) 10. f4 d6 11. Bd2 Nf6 {The position is equal.} 12. Rae1 Be7 13. a4 bxa4 14. Nxa4 h5 $146 ({Predecessor:} 14... e5 15. f5 d5 16. exd5 Nxd5 {1-0 (29) Czaeczine,A (2141)-Kagramanov,D (2071) Chalkidiki 2003}) 15. c4 Rb8 16. Bc3 Ba8 17. Nd2 Nb4 18. Bb1 Bc6 19. b3 Qa7+ (19... Bxa4 $5 20. bxa4 e5 $11) 20. Kh1 $1 h4 21. Nf3 Bxa4 (21... Nh5 $11 22. Bd4 Qb7) 22. bxa4 $16 Bd8 $2 (22... Nh5 $16 23. Bd4 Qc7) 23. Qd2 $2 (23. e5 $18 {and White stays clearly on top.}) 23... Nh5 {( -> ...Ng3+!)} 24. Ng1 $1 $36 {[%mdl 2048] White is in control.} Bb6 {[#] Threatens to win with ...Bxg1.} 25. Nh3 $1 ({Inferior is} 25. Bxb4 Bxg1 26. c5 Bxc5 $17) 25... Bc5 $2 (25... Nc6 26. Qxd6 Rc8) 26. e5 $18 dxe5 27. Bxe5 ({Less strong is} 27. fxe5 Qe7 $16) 27... Rd8 28. Qe2 {Black must now prevent f5.} Nc6 29. Qg4 Qe7 (29... Kf8 $16) 30. Bxg7 Nxg7 31. Qxg7 Bd4 32. Qg4 Bc3 33. Rd1 {Played: Qg4-f3} 1-0

[Event "85th Southwest Open 2019"]
[Site "Dallas"]
[Date "2019.09.01"]
[Round "6.9"]
[White "Kambrath, Yannick"]
[Black "Beradze, Irakli"]
[Result "0-1"]
[WhiteElo "2365"]
[BlackElo "2493"]
[Annotator "TA"]
[PlyCount "68"]
[EventDate "2019.08.29"]
[EventType "swiss"]
[EventCountry "USA"]
[SourceTitle "playchess.com"]
[Source "ChessBase"]
[SourceQuality "1"]

{[%evp 14,68,17,20,21,33,25,38,35,18,32,17,21,31,58,63,29,8,27,14,36,35,31,33,35,0,0,-17,-17,-27,-22,-29,0,-17,0,-35,0,0,0,0,0,0,0,0,0,-26,-30,-30,-60,-59,-37,-37,-45,-369,-369,-4597,-3543]} 1. Nf3 Nf6 2. c4 e6 3. d4 b6 4. g3 Bb4+ 5. Bd2 a5 6. Bg2 Bb7 7. O-O O-O 8. Qc2 Be4 {E16: Queen's Indian: 4 g3 Bb7 5 Bg2 Bb4+} 9. Qb3 Nc6 10. Bxb4 axb4 {White is slightly better.} 11. Nbd2 d5 12. cxd5 $146 ({Predecessor:} 12. Rfc1 Qd6 13. e3 Na5 14. Qd1 Nxc4 15. Nxc4 dxc4 16. Rxc4 {0-1 (43) Krstulovic,A (2309)-Antipov,M (2581) Budapest 2017}) 12... exd5 13. e3 Qd6 14. Nxe4 Nxe4 15. Qc2 Ne7 16. Ne5 Nf6 17. Nd3 Ra5 18. a3 bxa3 19. b4 Ra7 20. Qb3 Rfa8 21. Ra2 Qd7 22. Rc1 h5 23. h3 Ne4 24. Ne5 ({Don't play} 24. Bxe4 dxe4 25. Ne5 Qd5 $17) 24... Qf5 25. Rca1 c5 26. bxc5 bxc5 27. g4 hxg4 28. hxg4 Qe6 {[#] ...c4 is the strong threat.} 29. Bxe4 {aiming for Bf3.} c4 30. Qb4 dxe4 31. Rxa3 Rxa3 32. Rxa3 Rc8 {[#] Strongly threatening ...f6.} 33. Ra7 $2 {[%mdl 8192]} (33. Qb7 $1 $15 c3 34. Ra1 (34. Ra6 $2 Qxa6 {[%mdl 64] Promotion} 35. Qxa6 c2 $19)) 33... Nc6 $19 34. Qc5 $2 (34. d5 Nxb4 35. dxe6 fxe6 36. Ng6) 34... Nxa7 {Accuracy: White = 47%, Black = 67%.} 0-1

[Event "85th Southwest Open 2019"]
[Site "Dallas"]
[Date "2019.09.01"]
[Round "6.10"]
[White "Grinberg, Eyal"]
[Black "Nguyen, Emily"]
[Result "0-1"]
[WhiteElo "2486"]
[BlackElo "2183"]
[Annotator "RC"]
[PlyCount "134"]
[EventDate "2019.08.29"]
[EventType "swiss"]
[EventCountry "USA"]
[SourceTitle "playchess.com"]
[Source "ChessBase"]
[SourceQuality "1"]
[TimeControl "5400+30"]

1. e4 {[%emt 0:00:00]} e5 {[%emt 0:01:48]} 2. Nf3 {[%emt 0:00:00]} Nc6 {[%emt 0:00:02]} 3. Bb5 {[%emt 0:00:00]} a6 {[%emt 0:00:04]} 4. Ba4 {[%emt 0:00:00]} Nf6 {[%emt 0:00:06]} 5. O-O {[%emt 0:00:04]} Be7 {[%emt 0:00:16]} 6. d3 {[%emt 0:00:13]} b5 {[%emt 0:00:10]} 7. Bb3 {[%emt 0:00:05]} d6 {[%emt 0:00:04]} 8. c3 {[%emt 0:00:08]} O-O {[%emt 0:00:04]} 9. Re1 {[%emt 0:00:19]} Bb7 {[%emt 0:00:07]} 10. Nbd2 {[%emt 0:00:52]} Na5 {[%emt 0:00:49]} 11. Bc2 {[%emt 0:00:06]} c5 {[%emt 0:00:35]} 12. Nf1 {[%emt 0:00:25]} Nc6 {[%emt 0:05:00]} 13. Ng3 {[%emt 0:04:02]} g6 {[%emt 0:03:09]} 14. d4 {[%emt 0:00:08]} cxd4 {[%emt 0:05:05]} 15. cxd4 {[%emt 0:00:11]} Rc8 {[%emt 0:01:18]} 16. Bb3 {[%emt 0:01:54]} exd4 {[%emt 0:09:51]} 17. Nxd4 {[%emt 0:06:23]} Na5 {[%emt 0:05:21]} 18. Bc2 {[%emt 0:01:30]} Nd7 {[%emt 0:04:01]} 19. Re2 {[%emt 0:18:59]} Bf6 {[%emt 0:03:51]} 20. b3 {[%emt 0:06:27]} Re8 {[%emt 0:05:27]} 21. Bb2 {[%emt 0:08:06]} Be5 {[%emt 0:07:41]} 22. Qd2 {[%emt 0:06:33]} Qb6 {[%emt 0:05:21]} 23. Rd1 {[%emt 0:05:09]} Nc6 {[%emt 0:04:04]} 24. Nf1 {[%emt 0:04:21]} Nxd4 {[%emt 0:06:52]} 25. Bxd4 {[%emt 0:00:09]} Rxc2 {[%emt 0:00:05]} 26. Bxb6 {[%emt 0:01:27]} Rxd2 {[%emt 0:00:05]} 27. Nxd2 {[%emt 0:00:24]} Nxb6 {[%emt 0:00:05]} 28. Nf3 {[%emt 0:00:34]} Bf4 {[%emt 0:15:51]} 29. g3 {[%emt 0:00:50]} Bh6 {[%emt 0:00:27]} 30. Rxd6 {[%emt 0:00:16]} Nd5 {[%emt 0:05:18]} 31. Rd7 {[%emt 0:01:48]} Bc6 {[%emt 0:01:26]} 32. Rd6 {[%emt 0:01:41]} Bb7 {[%emt 0:00:02]} 33. a3 {[%emt 0:10:23]} Nc3 {[%emt 0:02:45]} 34. Re1 {[%emt 0:04:17]} Nxe4 {[%emt 0:04:35]} 35. Rd7 {[%emt 0:01:09]} Bc6 {[%emt 0:00:19]} 36. Ra7 {[%emt 0:01:13]} Rc8 {[%emt 0:01:52]} 37. Rxa6 {[%emt 0:01:29]} Nc5 {[%emt 0:00:20]} 38. Rxc6 {[%emt 0:00:44]} Rxc6 {[%emt 0:00:04]} 39. Nd4 {[%emt 0:00:04]} Rb6 {[%emt 0:00:32]} 40. Re5 {[%emt 0:00:08]} Bg7 {[%emt 0:01:18]} 41. Re8+ {[%emt 0:00:05]} Bf8 {[%emt 0:00:03]} 42. b4 {[%emt 0:00:28]} Ne6 {[%emt 0:00:32]} 43. Nc2 {[%emt 0:00:23]} Kg7 {[%emt 0:00:51]} 44. Ra8 {[%emt 0:00:06]} Rc6 {[%emt 0:00:27]} 45. Ne3 {[%emt 0:00:05]} Nd4 {[%emt 0:00:33]} 46. Kg2 {[%emt 0:00:34]} Be7 {[%emt 0:01:29]} 47. h4 {[%emt 0:00:29]} h5 {[%emt 0:00:15]} 48. Ra7 {[%emt 0:00:24]} Bf6 {[%emt 0:00:13]} 49. Nd5 {[%emt 0:00:07]} Rc2 {[%emt 0:01:50]} 50. Rb7 {[%emt 0:01:31]} Ra2 {[%emt 0:00:40]} 51. Nc7 {[%emt 0:00:05]} Be5 {[%emt 0:00:41]} 52. Nxb5 {[%emt 0:00:06]} Nxb5 {[%emt 0:00:10]} 53. Rxb5 {[%emt 0:00:04]} Bb2 {[%emt 0:00:10]} 54. Rd5 {[%emt 0:02:54]} Rxa3 {[%emt 0:00:09]} 55. b5 {[%emt 0:00:07]} Rb3 {[%emt 0:00:14]} 56. f4 {[%emt 0:00:14]} Kf6 {[%emt 0:00:14]} 57. Rg5 {[%emt 0:00:50]} Bc1 {[%emt 0:01:13]} 58. Rc5 {[%emt 0:00:10]} Be3 {[%emt 0:00:11]} 59. Rd5 {[%emt 0:00:08]} Ke6 {[%emt 0:00:52]} 60. Re5+ {[%emt 0:00:18]} Kd6 {[%emt 0:00:05]} 61. Rg5 {[%emt 0:01:13]} Bd2 {[%emt 0:01:46]} 62. Kf2 {[%emt 0:00:57]} Be3+ {[%emt 0:00:18]} 63. Kg2 {[%emt 0:00:04]} Bd4 {[%emt 0:00:28]} 64. f5 {[%emt 0:00:08]} Rxb5 {[%emt 0:00:11]} 65. g4 {[%emt 0:00:10]} Be3 {[%emt 0:00:46]} 66. fxg6 {[%emt 0:00:55]} Bxg5 {[%emt 0:00:05]} 67. g7 {[%emt 0:00:46]} Rb8 {[%emt 0:00:04]} 0-1